| 000 | 01011cab a2200265 4500 | ||
|---|---|---|---|
| 001 | E91478 | ||
| 008 | 090401t1998 xxu||||| |||| 00| 0 eng d | ||
| 035 | _a(Sirsi) u85958 | ||
| 041 | _aeng | ||
| 245 | _aScottish Life Assurance Co Ltd v Agfa-Gevaert Ltd | ||
| 260 | _c1998 | ||
| 350 | _a0 | ||
| 490 |
_aScots Law Times _v1998 SLT 481-486(6) |
||
| 520 | _aExtra Division. 28 November 1997. Landlord and tenant - lease - rent review - notice - clause requiring landlord to send notice to tenant specifying open market rent - tenant required to state alternative figure for open market rent in counter notice - whether letter rejecting proposed increase by landlord a valid counter notice. | ||
| 650 | _aCOUNTER NOTICE | ||
| 650 |
_aLANDLORD AND TENANT _96252 |
||
| 650 | _aOPEN MARKET RENTS | ||
| 650 | _aRENT INCREASES | ||
| 650 | _aRENT REVIEWS | ||
| 650 | _aSCOTLAND | ||
| 650 | _aSCOTS LAW | ||
| 690 | _aLANDLORD AND TENANT-CASE LAW-BUSINESS TENANCIES | ||
| 942 | _n0 | ||
| 948 | _c01/05/1998 | ||
| 999 |
_c54077 _d54077 |
||